000 01327cam a22004694i 4500
003 PE-LiUPU
005 20250731165443.0
008 160928s2016 r 000 0 spa d
020 _a9788416239764
035 _a(Sirsi) a163829
040 _cPE-LiUPU
049 _aPRUA
082 0 4 _aRC 703
_bB84
100 1 _aBroto, Carles,
_eautor.
245 _aDiccionario Ilustrado :
_bArquitectura y construcción /
_cCharles Brotto; dirección y coordinación lexicográfica: Mónika Camacho
246 _aEspañol - Inglés -Francés - Aleman
264 _aEspaña :
_bPluton,
_c2016.
300 _a541 páginas :
_bilustraciones ;
_c28 centímetros.
336 _2rdacontent
337 _2rdamedia
338 _2rdacarrier
505 0 _aDiccionario Ilustrado.
526 _aSEG44
526 _aSEG26
526 _aP151
526 _aP150
526 _aP149
526 _aP146
526 _aP145
526 _aP126
526 _aP125
526 _aP92
526 _aP75
526 _aP74
526 _aP27
526 _aP15
910 _adbm
942 _2ddc
_cBOOK
999 _c12688
_d12688
980 _81
_gALBERTO SANCHEZ Responsable de Automatización